[Event "DEN-chT 2425 62nd"]
[Site "Denmark"]
[Date "2024.11.17"]
[Round "3.4"]
[White "Baekgaard, Martin"]
[Black "Sylvan, Jacob"]
[Result "1/2-1/2"]
[WhiteElo "2263"]
[BlackElo "2329"]
[PlyCount "56"]
[EventDate "2024.11.02"]
[EventType "team-tourn"]
[EventRounds "9"]
[EventCountry "DEN"]
[SourceTitle "CB16_2025"]
[SourceDate "2025.04.16"]
[SourceVersion "1"]
[SourceVersionDate "2025.04.16"]
[SourceQuality "1"]
[WhiteTeam "Aarhus/Skolerne"]
[BlackTeam "Nordkalotten"]
[WhiteTeamCountry "DEN"]
[BlackTeamCountry "DEN"]

1. c4 Nf6 2. g3 e6 3. Bg2 d5 4. Nf3 dxc4 5. Qa4+ Nbd7 6. Qxc4 c5 7. Qb3 Bd6 8. d3 0-0 9. 0-0 Rb8 10. a4 b6 11. Na3 a6 12. Nc4 Bc7 13. Bd2 Bb7 14. Bc3 Nd5 15. e4 Nxc3 16. bxc3 b5 17. axb5 axb5 18. Ne3 Bc6 19. Qc2 Nf6 20. Nd2 Qd7 21. Rfd1 Rfd8 22. d4 cxd4 23. cxd4 Bb6 24. d5 exd5 25. exd5 Nxd5 26. Nxd5 Bxd5 27. Nc4 bxc4 28. Bxd5 Qc7 1/2-1/2

[Event "DEN-chT 2425 62nd"]
[Site "Denmark"]
[Date "2024.11.02"]
[Round "1.5"]
[White "Laursen, Niels Norskov"]
[Black "Baekgaard, Martin"]
[Result "1-0"]
[WhiteElo "2183"]
[BlackElo "2263"]
[PlyCount "119"]
[EventDate "2024.11.02"]
[EventType "team-tourn"]
[EventRounds "9"]
[EventCountry "DEN"]
[SourceTitle "CB45_2024"]
[Source "ChessBase"]
[SourceDate "2024.11.06"]
[SourceVersion "1"]
[SourceVersionDate "2024.11.06"]
[SourceQuality "1"]
[WhiteTeam "Obro"]
[BlackTeam "Aarhus/Skolerne"]
[WhiteTeamCountry "DEN"]
[BlackTeamCountry "DEN"]

1. e4 e5 2. Nf3 Nc6 3. d4 exd4 4. Nxd4 Bb4+ 5. c3 Bc5 6. Be3 Bb6 7. Nf5 g6 8. Bxb6 axb6 9. Ne3 Nf6 10. f3 Qe7 11. Be2 0-0 12. Qd2 Re8 13. Na3 Ra5 14. Nac4 Rh5 15. g4 Rh3 16. 0-0-0 b5 17. g5 bxc4 18. gxf6 Qxf6 19. Nd5 Qd8 20. Qf4 Re5 21. Bf1 d6 22. Bxh3 Bxh3 23. Rhg1 Be6 24. h4 h5 25. Kb1 Kg7 26. Nb4 Qe8 27. Nxc6 Qxc6 28. Rg5 Qc5 29. Rxe5 dxe5 30. Qg5 f6 31. Qd2 Qe7 32. Qe3 b6 33. Ka1 g5 34. Qf2 Kh6 35. a3 Bd7 36. Qe3 Ba4 37. Rd2 Bd7 38. Qe2 Be6 39. Qe3 Bd7 40. Ka2 Be6 41. Rg2 Qd8 42. Rd2 Qe7 43. Ka1 Kg6 44. Rg2 Kh6 45. Qd2 Bf7 46. Rg1 Be6 47. Qg2 Qd8 48. Qg3 g4 49. f4 Qd3 50. Qf2 Qxe4 51. fxe5 Qxe5 52. Re1 Qf5 53. Qg3 Bd5 54. Qxc7 b5 55. Re8 Qf1+ 56. Ka2 Kg6 57. Rh8 Bf7 58. Qc5 f5 59. Qd6+ Kg7 60. Qh6# 1-0

[Event "DEN-chT 2021"]
[Site "Denmark"]
[Date "2020.10.24"]
[Round "1.2"]
[White "Baekgaard, Martin"]
[Black "Brynell, Stellan"]
[Result "0-1"]
[WhiteElo "2328"]
[BlackElo "2414"]
[PlyCount "98"]
[EventDate "2020.10.24"]
[EventType "team-tourn"]
[EventRounds "9"]
[EventCountry "DEN"]
[SourceTitle "EXT 2025"]
[Source "ChessBase"]
[SourceDate "2024.10.14"]
[SourceVersion "1"]
[SourceVersionDate "2024.10.14"]
[SourceQuality "1"]
[WhiteTeam "Jetsmark"]
[BlackTeam "Nordkalotten"]
[WhiteTeamCountry "DEN"]
[BlackTeamCountry "DEN"]

1. d4 Nf6 2. c4 e6 3. g3 c5 4. d5 exd5 5. cxd5 d6 6. Nc3 g6 7. Bg2 Bg7 8. Nf3 0-0 9. 0-0 Re8 10. Bf4 Ne4 11. Nxe4 Rxe4 12. Nd2 Rb4 13. b3 Rxf4 14. gxf4 Bxa1 15. Qxa1 Nd7 16. Ne4 Qe7 17. Rd1 f5 18. Ng5 Qf6 19. Ne6 Qxa1 20. Rxa1 Nf6 21. Nc7 Rb8 22. Nb5 Ne8 23. a4 a6 24. Nc3 b6 25. Rb1 Bd7 26. b4 cxb4 27. Rxb4 Rc8 28. Rb3 Rc4 29. e3 a5 30. Bf1 Rb4 31. Rxb4 axb4 32. Na2 Bxa4 33. Nxb4 Bb3 34. Bb5 Nf6 35. Bc6 Bc4 36. f3 Kf8 37. Kf2 Ke7 38. Ke1 Kd8 39. Kd2 Kc7 40. e4 fxe4 41. fxe4 Nxe4+ 42. Ke3 Nf6 43. f5 g5 44. Kd4 Be2 45. Na2 Kd8 46. Nc3 Bg4 47. Na4 Bxf5 48. Nxb6 Ng4 49. Nc4 Ke7 0-1

[Event "DEN-chT 1920 58th"]
[Site "Denmark"]
[Date "2020.01.26"]
[Round "6.1"]
[White "Glud, Jakob Vang"]
[Black "Baekgaard, Martin"]
[Result "1/2-1/2"]
[WhiteElo "2550"]
[BlackElo "2299"]
[PlyCount "67"]
[EventDate "2019.11.23"]
[EventType "team-tourn"]
[EventRounds "9"]
[EventCountry "DEN"]
[SourceTitle "CBM 195 Extra"]
[Source "ChessBase"]
[SourceDate "2020.05.31"]
[SourceVersion "1"]
[SourceVersionDate "2020.05.31"]
[SourceQuality "1"]
[WhiteTeam "Aarhus/Skolerne"]
[BlackTeam "Nordre"]
[WhiteTeamCountry "DEN"]
[BlackTeamCountry "DEN"]

1. c4 e6 2. Nf3 Nf6 3. g3 d5 4. Bg2 Be7 5. 0-0 0-0 6. Qc2 d4 7. e3 c5 8. exd4 cxd4 9. d3 Nc6 10. Re1 Ne8 11. Ne5 Nxe5 12. Rxe5 f6 13. Re1 Nc7 14. f4 Rb8 15. Nd2 Bd7 16. Ne4 Bc6 17. Bd2 Re8 18. Re2 Qd7 19. Rae1 Na6 20. Bh3 Nc7 21. b3 Bf8 22. Rf2 b5 23. Ba5 Na6 24. Rfe2 Kh8 25. Nf2 f5 26. Bg2 Bxg2 27. Kxg2 Qc6+ 28. Kg1 b4 29. Qb2 Qd7 30. Qd2 Bd6 31. Qb2 Bf8 32. Qd2 Bd6 33. Qb2 Bf8 34. Qd2 1/2-1/2

[Event "DEN-chT 1920 58th"]
[Site "Denmark"]
[Date "2020.01.12"]
[Round "5.1"]
[White "Andersen, Mads"]
[Black "Baekgaard, Martin"]
[Result "0-1"]
[WhiteElo "2601"]
[BlackElo "2299"]
[PlyCount "136"]
[EventDate "2019.11.23"]
[EventType "team-tourn"]
[EventRounds "9"]
[EventCountry "DEN"]
[SourceTitle "CBM 194 Extra"]
[Source "ChessBase"]
[SourceDate "2020.03.31"]
[SourceVersion "1"]
[SourceVersionDate "2020.03.31"]
[SourceQuality "1"]
[WhiteTeam "Skanderborg Nordea"]
[BlackTeam "Nordre"]
[WhiteTeamCountry "DEN"]
[BlackTeamCountry "DEN"]

1. d4 d5 2. Bf4 Nf6 3. e3 g6 4. Nc3 Bg7 5. h4 c6 6. Be2 h5 7. Nf3 Bg4 8. Ne5 Bxe2 9. Qxe2 Nbd7 10. 0-0-0 Qa5 11. Kb1 Nxe5 12. Bxe5 0-0-0 13. f3 Ne8 14. Bxg7 Nxg7 15. e4 e6 16. Rd3 Qc7 17. Qe3 Kb8 18. Qg5 Ne8 19. e5 Rc8 20. Ne2 Qd8 21. Qxd8 Rxd8 22. Kc1 Ng7 23. Kd2 Nf5 24. b4 Kc7 25. Rc3 Kd7 26. Ke1 Ra8 27. Rb3 b5 28. Ra3 a5 29. bxa5 Ra7 30. Kf2 Rha8 31. g4 Ng7 32. Rb1 Rxa5 33. Rxa5 Rxa5 34. Rb2 Ra3 35. Nf4 Ke7 36. Nd3 Ne8 37. Kg3 hxg4 38. fxg4 Kf8 39. Kf4 Kg7 40. Nb4 Rc3 41. Rb3 Rc4 42. c3 c5 43. Nc6 Nc7 44. Ke3 cxd4+ 45. Nxd4 Ra4 46. a3 f6 47. Kf4 f5 48. gxf5 exf5 49. Kf3 Kh6 50. Nxb5 Nxb5 51. Rxb5 Rxa3 52. Rxd5 Rxc3+ 53. Kf4 Rc4+ 54. Kg3 Rg4+ 55. Kf3 Rxh4 56. Rd7 Kg5 57. Rf7 Rf4+ 58. Kg3 Re4 59. Re7 f4+ 60. Kf2 Kf5 61. Rf7+ Kxe5 62. Rf8 Ra4 63. Kf3 Ra3+ 64. Kf2 g5 65. Kg2 Ke4 66. Rf7 Ra2+ 67. Kg1 Kf3 68. Rb7 Kg3 0-1

[Event "DEN-chT 1718 56th"]
[Site "Denmark"]
[Date "2017.11.18"]
[Round "1.5"]
[White "Baekgaard, Martin"]
[Black "Stojanovski, Sandi"]
[Result "1/2-1/2"]
[WhiteElo "2297"]
[BlackElo "2270"]
[PlyCount "212"]
[EventDate "2017.11.18"]
[EventType "team-tourn"]
[EventRounds "9"]
[EventCountry "DEN"]
[SourceTitle "EXT 2019"]
[Source "ChessBase"]
[SourceDate "2018.10.10"]
[SourceVersion "1"]
[SourceVersionDate "2018.10.10"]
[SourceQuality "1"]
[WhiteTeam "Nordre"]
[BlackTeam "Hillerod"]
[WhiteTeamCountry "DEN"]
[BlackTeamCountry "DEN"]

1. d4 d5 2. c4 e6 3. Nc3 Bb4 4. cxd5 exd5 5. Bf4 Nf6 6. e3 0-0 7. Bd3 c5 8. dxc5 Nbd7 9. Nge2 Nxc5 10. 0-0 Nce4 11. Qa4 Qe7 12. Rfd1 Bg4 13. Rac1 Nxc3 14. bxc3 Bc5 15. Bg5 Bxe2 16. Bxe2 Rfd8 17. Bf3 Qe5 18. Bxf6 gxf6 19. Qb3 Rd7 20. Qb5 Qc7 21. Rxd5 Rxd5 22. Bxd5 Rb8 23. Rd1 Rd8 24. g3 Kg7 25. Qc4 f5 26. Qh4 Qe7 27. Qh5 Qf6 28. Bxb7 Rxd1+ 29. Qxd1 Qxc3 30. Bd5 Qf6 31. Bb3 Kg6 32. Qd7 Qa1+ 33. Kg2 Qf6 34. Bxf7+ Qxf7 35. Qc6+ Kg7 36. Qxc5 Qxa2 37. Qxf5 a5 38. h4 a4 39. h5 a3 40. h6+ Kxh6 41. Qf6+ Kh5 42. Qf5+ Kh6 43. Qf6+ Kh5 44. e4 Qe2 45. Qf5+ Kh6 46. Qf8+ Kg6 47. Qxa3 Qxe4+ 48. Qf3 Qb1 49. Qg4+ Kf6 50. Qd4+ Kg6 51. Kf3 Qh1+ 52. Ke3 Qc1+ 53. Ke4 Qc6+ 54. Kf4 Qc1+ 55. Qe3 Qc7+ 56. Qe5 Qc1+ 57. Kg4 Qc8+ 58. Kf3 Qf8+ 59. Kg2 Qa8+ 60. f3 Qa2+ 61. Kh3 Qf2 62. Kg4 Qf1 63. Qe6+ Kg7 64. Qd7+ Kg6 65. Qc6+ Kg7 66. Kg5 Qh3 67. Qf6+ Kg8 68. g4 Qh1 69. Qd8+ Kf7 70. Qd7+ Kg8 71. f4 Qh3 72. Qe8+ Kg7 73. Qe7+ Kg8 74. Qe6+ Kg7 75. Qe5+ Kf7 76. Qd5+ Kg7 77. Qd7+ Kf8 78. Kf6 Qh6+ 79. Ke5 Qh3 80. Qf5+ Kg7 81. Qg5+ Kf8 82. Kf6 Qc3+ 83. Qe5 Qc6+ 84. Qe6 Qc3+ 85. Kg5 Qc1 86. Qd7 Kg8 87. Qd4 Kf7 88. Qe4 Kg7 89. Kh5 Qd2 90. Qe5+ Kg8 91. f5 Qc1 92. Qe8+ Kg7 93. Qd7+ Kf8 94. Qd5 Qe3 95. Qd8+ Kf7 96. Qd7+ Kf8 97. Qd8+ Kf7 98. Qg5 Qh3+ 99. Qh4 Qe3 100. Qh2 Kf6 101. Qd6+ Kf7 102. Qd7+ Kf6 103. Qd8+ Kf7 104. Qh4 h6 105. Qd8 Qh3+ 106. Qh4 Qe3 1/2-1/2

[Event "DEN-chT 1617 55th"]
[Site "Denmark"]
[Date "2017.01.29"]
[Round "6.1"]
[White "Hansen, Lars"]
[Black "Baekgaard, Martin"]
[Result "1/2-1/2"]
[WhiteElo "2270"]
[BlackElo "2313"]
[PlyCount "53"]
[EventDate "2016.10.29"]
[EventType "team-tourn"]
[EventRounds "9"]
[EventCountry "DEN"]
[SourceTitle "EXT 2018"]
[Source "ChessBase"]
[SourceDate "2017.10.13"]
[SourceVersion "1"]
[SourceVersionDate "2017.10.13"]
[SourceQuality "1"]
[WhiteTeam "Copenhagen 68"]
[BlackTeam "Nordre"]
[WhiteTeamCountry "DEN"]
[BlackTeamCountry "DEN"]

1. e4 e6 2. d4 d5 3. exd5 exd5 4. Nf3 Bg4 5. Bd3 Bd6 6. 0-0 Nc6 7. c3 Qd7 8. Re1+ Nge7 9. Nbd2 0-0 10. Qc2 Bf5 11. Nf1 Rfe8 12. Ne3 Bxd3 13. Qxd3 f6 14. Bd2 Nd8 15. Re2 Ne6 16. g3 c6 17. Rae1 Ng6 18. Nf5 Nc7 19. h4 Rxe2 20. Rxe2 Re8 21. Nxd6 Rxe2 22. Qxe2 Qxd6 23. h5 Ne7 24. Bf4 Qe6 25. Qxe6+ Nxe6 26. Bd6 Kf7 27. Bxe7 1/2-1/2

[Event "DEN-chT 1516 54th"]
[Site "Denmark"]
[Date "2015.10.31"]
[Round "1"]
[White "Baekgaard, Martin"]
[Black "Percivaldi, Martin"]
[Result "1/2-1/2"]
[WhiteElo "2333"]
[BlackElo "2246"]
[PlyCount "184"]
[EventDate "2015.10.31"]
[EventType "team-tourn"]
[EventRounds "9"]
[EventCountry "DEN"]
[SourceTitle "CBM 169 Extra"]
[Source "ChessBase"]
[SourceDate "2015.12.18"]
[SourceVersion "1"]
[SourceVersionDate "2015.12.18"]
[SourceQuality "1"]
[WhiteTeam "Nordre"]
[BlackTeam "Hillerod"]
[WhiteTeamCountry "DEN"]
[BlackTeamCountry "DEN"]

1. d4 d5 2. c4 c6 3. Nf3 Nf6 4. Nc3 a6 5. c5 g6 6. Bf4 Bg7 7. h3 0-0 8. e3 Bf5 9. Qb3 Qc8 10. Be2 Nbd7 11. Na4 Ne4 12. Rc1 f6 13. Bh2 e5 14. 0-0 Be6 15. Bd3 Bf7 16. Qc2 Qc7 17. dxe5 Nxe5 18. Bxe5 fxe5 19. Bxe4 dxe4 20. Ng5 Bd5 21. Nb6 Rad8 22. Nxd5 cxd5 23. Ne6 Qc6 24. Nxd8 Rxd8 25. Qb3 Kh8 26. Rfd1 d4 27. Qb6 Rd5 28. Qxc6 bxc6 29. b4 Kg8 30. a4 Kf7 31. b5 axb5 32. axb5 cxb5 33. c6 Rd8 34. Rc5 b4 35. c7 Rc8 36. Rdc1 Ke6 37. Rb5 Bf8 38. Rb8 Kd7 39. Rxc8 Kxc8 40. exd4 exd4 41. Kf1 d3 42. Re1 Kxc7 43. Rxe4 Bc5 44. Re1 Kc6 45. Rb1 Kb5 46. Ke1 Bd4 47. g4 Bc3+ 48. Kf1 Kc4 49. f4 b3 50. f5 gxf5 51. gxf5 b2 52. Kf2 Kb3 53. Ke3 Kc2 54. Rf1 d2 55. Ke2 Bf6 56. Rd1 Kc3 57. Rb1 Kc2 58. Rd1 Bg5 59. f6 b1Q 60. Rxb1 Kxb1 61. f7 Kc1 62. f8Q d1Q+ 63. Kf2 Bh4+ 64. Ke3 Qg1+ 65. Ke4 Qe1+ 66. Kd3 Qg3+ 67. Ke2 Qg2+ 68. Ke3 Qxh3+ 69. Qf3 Qe6+ 70. Qe4 Qb6+ 71. Kf3 Qf2+ 72. Kg4 Qg3+ 73. Kf5 Qg5+ 74. Ke6 Qg6+ 75. Kd5 Qg8+ 76. Kd4 Qd8+ 77. Ke3 Qd2+ 78. Kf3 Qd1+ 79. Qe2 Qh1+ 80. Qg2 Qd1+ 81. Qe2 Qd5+ 82. Qe4 Qh5+ 83. Qg4 Qd5+ 84. Qe4 Qd8 85. Qc4+ Kd2 86. Qe2+ Kc3 87. Qe3+ Kc4 88. Qc1+ Kb5 89. Qb1+ Kc6 90. Qc1+ Kd7 91. Qd1+ Ke6 92. Qxd8 Bxd8 1/2-1/2

[Event "DEN-chT 1415 53rd"]
[Site "Denmark"]
[Date "2015.03.08"]
[Round "9.2"]
[White "Percivaldi, Martin"]
[Black "Baekgaard, Martin"]
[Result "0-1"]
[WhiteElo "2324"]
[BlackElo "2318"]
[PlyCount "134"]
[EventDate "2014.10.25"]
[EventType "team-tourn"]
[EventRounds "9"]
[EventCountry "DEN"]
[SourceTitle "EXT 2016"]
[Source "ChessBase"]
[SourceDate "2015.10.08"]
[SourceVersion "1"]
[SourceVersionDate "2015.10.08"]
[SourceQuality "1"]
[WhiteTeam "Hillerod"]
[BlackTeam "Nordre"]
[WhiteTeamCountry "DEN"]
[BlackTeamCountry "DEN"]

1. d4 d5 2. c4 e6 3. Nf3 Nf6 4. g3 dxc4 5. Bg2 Bb4+ 6. Nbd2 b5 7. a4 c6 8. Qc2 Bb7 9. 0-0 Nbd7 10. b3 c3 11. Nb1 bxa4 12. Rxa4 a5 13. Nxc3 c5 14. dxc5 Rc8 15. Nb5 Bxc5 16. Qd2 Qb6 17. Qxa5 Bxf2+ 18. Kh1 0-0 19. Qxb6 Nxb6 20. Ra7 Bd5 21. Nd6 Rc6 22. e4 Bxb3 23. e5 Ng4 24. h3 Nc8 25. Ra3 Nxd6 26. exd6 Bc4 27. Rd1 Be2 28. Ng1 Bxd1 29. Bxc6 Ne5 30. Bb7 Bc5 31. Ra6 Rd8 32. Bf4 Ng6 33. Rc6 Bb4 34. Rb6 Bc5 35. Rc6 Ba3 36. Ra6 Bb4 37. Rb6 Nxf4 38. Rxb4 Nd3 39. Rd4 Nc5 40. Bc6 Bb3 41. Ne2 f6 42. Nc3 e5 43. Rd2 Kf7 44. Nb5 Ne6 45. Bd5 Bxd5+ 46. Rxd5 Ke8 47. Rd2 Kd7 48. Rc2 Rb8 49. Nc7 Nd4 50. Rc3 Kxd6 51. Na6 Rb6 52. Nc7 Ne2 53. Re3 Kxc7 54. Rxe2 Kd6 55. Rd2+ Ke6 56. Kg2 h5 57. Rd8 Kf5 58. Rh8 Rb2+ 59. Kf3 e4+ 60. Ke3 Rb3+ 61. Kf2 g6 62. Re8 h4 63. gxh4 Rxh3 64. Rh8 g5 65. h5 Kf4 66. h6 f5 67. Kg2 g4 0-1

[Event "DEN-chT 1415 53rd"]
[Site "Denmark"]
[Date "2015.02.15"]
[Round "7.2"]
[White "Baekgaard, Martin"]
[Black "Sorensen, Jan"]
[Result "0-1"]
[WhiteElo "2318"]
[BlackElo "2431"]
[PlyCount "68"]
[EventDate "2014.10.25"]
[EventType "team-tourn"]
[EventRounds "9"]
[EventCountry "DEN"]
[SourceTitle "EXT 2016"]
[Source "ChessBase"]
[SourceDate "2015.10.08"]
[SourceVersion "1"]
[SourceVersionDate "2015.10.08"]
[SourceQuality "1"]
[WhiteTeam "Nordre"]
[BlackTeam "Aarhus/Skolerne"]
[WhiteTeamCountry "DEN"]
[BlackTeamCountry "DEN"]

1. d4 Nf6 2. Nf3 e6 3. c4 b6 4. a3 Ba6 5. Qc2 Bb7 6. Nc3 c5 7. e4 cxd4 8. Nxd4 d6 9. Be2 Nbd7 10. 0-0 Qc7 11. Be3 a6 12. Rac1 Rc8 13. f4 Be7 14. b4 Qb8 15. Nb3 Qa8 16. Bd3 0-0 17. Rf3 Rfe8 18. Rh3 g6 19. Rf1 b5 20. cxb5 axb5 21. Qb2 Nxe4 22. Nxb5 Bf8 23. Na5 Bd5 24. Rd1 Bg7 25. Bd4 e5 26. Bxe4 exd4 27. Bd3 Qb8 28. Qf2 Qb6 29. Bf1 Re4 30. Nb3 Nf6 31. Kh1 Ng4 32. Qh4 h5 33. Nd2 Rxf4 34. Nf3 d3 0-1

[Event "DEN-chT 1314 52nd"]
[Site "Denmark"]
[Date "2014.03.09"]
[Round "9.3"]
[White "Ochsner, Bjorn Moller"]
[Black "Baekgaard, Martin"]
[Result "1/2-1/2"]
[WhiteElo "2266"]
[BlackElo "2301"]
[PlyCount "81"]
[EventDate "2013.11.02"]
[EventType "team-tourn"]
[EventRounds "9"]
[EventCountry "DEN"]
[SourceTitle "EXT 2015"]
[Source "ChessBase"]
[SourceDate "2014.11.20"]
[SourceVersion "1"]
[SourceVersionDate "2014.11.20"]
[SourceQuality "1"]
[WhiteTeam "Jetsmark"]
[BlackTeam "Nordre"]
[WhiteTeamCountry "DEN"]
[BlackTeamCountry "DEN"]

1. c4 e6 2. Nf3 d5 3. g3 Nf6 4. Bg2 Be7 5. 0-0 0-0 6. d4 dxc4 7. Qc2 a6 8. a4 Nc6 9. Qxc4 Nb4 10. Ne5 a5 11. Bf4 Nfd5 12. Nc3 c6 13. Rfd1 Nxf4 14. gxf4 f6 15. Nf3 Nd5 16. e3 Ra6 17. Ne1 Kh8 18. Nd3 Rb6 19. Ne4 Qe8 20. Nec5 Bd6 21. Nb3 Qh5 22. Nd2 g5 23. Ne4 Bc7 24. Ng3 Qh6 25. fxg5 Qxg5 26. e4 Nf4 27. Nxf4 Bxf4 28. b3 Rb4 29. Qc3 Rg8 30. Kh1 Rd8 31. Rd3 Bd6 32. Rad1 Qh4 33. Qc2 Bc7 34. d5 exd5 35. exd5 Bf5 36. d6 Bxd6 37. Rxd6 Bxc2 38. Rxd8+ Kg7 39. R1d2 Bg6 40. R8d7+ Kh6 41. h3 1/2-1/2

[Event "DEN-chT 1314 52nd"]
[Site "Denmark"]
[Date "2014.01.11"]
[Round "4.3"]
[White "Baekgaard, Martin"]
[Black "Pedersen, Nicolai Vesterbaek"]
[Result "1-0"]
[WhiteElo "2301"]
[BlackElo "2394"]
[PlyCount "65"]
[EventDate "2013.11.02"]
[EventType "team-tourn"]
[EventRounds "9"]
[EventCountry "DEN"]
[SourceTitle "EXT 2015"]
[Source "ChessBase"]
[SourceDate "2014.11.20"]
[SourceVersion "1"]
[SourceVersionDate "2014.11.20"]
[SourceQuality "1"]
[WhiteTeam "Nordre"]
[BlackTeam "Nordea"]
[WhiteTeamCountry "DEN"]
[BlackTeamCountry "DEN"]

1. d4 g6 2. e4 Bg7 3. Nc3 d6 4. Nge2 a6 5. a4 b6 6. g3 Bb7 7. Bg2 e6 8. Be3 Nd7 9. Qd2 e5 10. 0-0 Ngf6 11. h3 0-0 12. g4 b5 13. axb5 axb5 14. d5 Ba6 15. Na2 Nc5 16. f3 Bb7 17. Nb4 Qd7 18. Rfd1 h5 19. b3 hxg4 20. hxg4 Nh7 21. Ng3 Bf6 22. Bf1 Kh8 23. Qh2 Kg8 24. Be2 Qe7 25. Kg2 Bg5 26. Bxg5 Nxg5 27. Qh6 Nd7 28. Bxb5 Qf6 29. Be2 Rfb8 30. Nc6 Re8 31. Rxa8 Bxa8 32. Ra1 Bb7 33. Ra7 1-0

[Event "DEN-chT 1314 52nd"]
[Site "Denmark"]
[Date "2013.11.03"]
[Round "2.3"]
[White "Baekgaard, Martin"]
[Black "Kristensen, Kaare Hove"]
[Result "1/2-1/2"]
[WhiteElo "2301"]
[BlackElo "2342"]
[PlyCount "127"]
[EventDate "2013.11.02"]
[EventType "team-tourn"]
[EventRounds "9"]
[EventCountry "DEN"]
[SourceTitle "EXT 2015"]
[Source "ChessBase"]
[SourceDate "2014.11.20"]
[SourceVersion "1"]
[SourceVersionDate "2014.11.20"]
[SourceQuality "1"]
[WhiteTeam "Nordre"]
[BlackTeam "Nordkalotten"]
[WhiteTeamCountry "DEN"]
[BlackTeamCountry "DEN"]

1. d4 d5 2. c4 c6 3. Nf3 Nf6 4. e3 Bg4 5. Qb3 Qb6 6. Nc3 Nbd7 7. Bd3 dxc4 8. Qxc4 Bxf3 9. gxf3 e6 10. Rg1 g6 11. Bd2 Bg7 12. f4 0-0 13. 0-0-0 Rfc8 14. Kb1 c5 15. Na4 Qd8 16. Nxc5 Nxc5 17. dxc5 Nd7 18. Bb4 a5 19. Ba3 b5 20. Qxb5 Rab8 21. c6 Ne5 22. fxe5 Rxb5 23. Bxb5 Qb6 24. Ba4 Bxe5 25. h4 h5 26. Rc1 Qd8 27. Rgd1 Qxh4 28. f4 Bc7 29. Bc5 Qf2 30. Rd7 h4 31. Rcd1 h3 32. R7d2 Qf3 33. Bd4 e5 34. fxe5 Bxe5 35. Bxe5 Qe4+ 36. Ka1 Qxe5 37. Rd7 h2 38. Bb3 Rxc6 39. Rxf7 Rd6 40. Rc1 Qe8 41. Rf6+ Kg7 42. Rxd6 Qxe3 43. Rf1 Qe2 44. Rdd1 Kh6 45. Bd5 Kg5 46. Bf3 Qe3 47. Rde1 Qf4 48. Be4 Qd2 49. Bb1 Qg2 50. Be4 Qd2 51. Bf3 Qf4 52. Rf2 Kf6 53. Ref1 Kg7 54. Bh1 Qc4 55. a3 a4 56. Re1 Qh4 57. Ree2 Qd4 58. Rd2 Qc4 59. Rxh2 Qc1+ 60. Ka2 Qc4+ 61. Kb1 Qf1+ 62. Kc2 Qc4+ 63. Kb1 Qf1+ 64. Ka2 1/2-1/2

[Event "DEN-chT 1112 50th"]
[Site "Denmark"]
[Date "2012.03.10"]
[Round "8.5"]
[White "Nielsen, Lars Aaes"]
[Black "Baekgaard, Martin"]
[Result "1/2-1/2"]
[WhiteElo "2259"]
[BlackElo "2295"]
[PlyCount "29"]
[EventDate "2011.10.29"]
[EventType "team-tourn"]
[EventRounds "9"]
[EventCountry "DEN"]
[SourceTitle "EXT 2013"]
[Source "ChessBase"]
[SourceDate "2012.11.22"]
[SourceVersion "1"]
[SourceVersionDate "2012.11.22"]
[SourceQuality "1"]
[WhiteTeam "Nordkalotten"]
[BlackTeam "Jetsmark"]
[WhiteTeamCountry "DEN"]
[BlackTeamCountry "DEN"]

1. e4 e5 2. Nf3 Nc6 3. Bb5 a6 4. Bxc6 dxc6 5. 0-0 Qf6 6. d4 exd4 7. Bg5 Qd6 8. Qxd4 Qxd4 9. Nxd4 c5 10. Ne2 Be6 11. Rd1 Bd6 12. Nbc3 h6 13. Bf4 0-0-0 14. Nd5 Bxd5 15. exd5 1/2-1/2

[Event "Horsens op"]
[Site "Horsens"]
[Date "2011.07.??"]
[Round "7"]
[White "Lund, Silas"]
[Black "Baekgaard, Martin"]
[Result "0-1"]
[WhiteElo "2401"]
[BlackElo "2279"]
[PlyCount "66"]
[EventDate "2011.07.??"]
[EventType "swiss"]
[EventRounds "7"]
[EventCountry "DEN"]
[SourceTitle "EXT 2012"]
[Source "ChessBase"]
[SourceDate "2011.11.24"]
[SourceVersion "1"]
[SourceVersionDate "2011.11.24"]
[SourceQuality "1"]

1. d4 Nf6 2. c4 g6 3. Nc3 d5 4. cxd5 Nxd5 5. e4 Nxc3 6. bxc3 Bg7 7. Bc4 c5 8. Ne2 0-0 9. 0-0 Nc6 10. Be3 Qc7 11. Rc1 Rd8 12. Bf4 Qd7 13. dxc5 Qe8 14. Qa4 Bd7 15. Qa3 Ne5 16. Bxe5 Bxe5 17. f4 Bg7 18. e5 Bc6 19. Rcd1 Rxd1 20. Rxd1 e6 21. Rd6 Bf8 22. Nd4 Bxd6 23. cxd6 Qd8 24. Qb3 Kh8 25. Bb5 Bd5 26. c4 Qb6 27. Qc3 Qc5 28. Kf1 a6 29. Nb3 Qc8 30. Qd4 Bxg2+ 31. Kxg2 axb5 32. Qc5 bxc4 33. Qxc8+ Rxc8 0-1

[Event "DEN-chT 1011 49th"]
[Site "Denmark"]
[Date "2011.01.16"]
[Round "5.5"]
[White "Baekgaard, Martin"]
[Black "Pedersen, Nicolai Kvist Brond"]
[Result "1/2-1/2"]
[WhiteElo "2263"]
[BlackElo "2161"]
[PlyCount "34"]
[EventDate "2010.11.06"]
[EventType "team-tourn"]
[EventRounds "9"]
[EventCountry "DEN"]
[SourceTitle "EXT 2012"]
[Source "ChessBase"]
[SourceDate "2011.11.24"]
[SourceVersion "1"]
[SourceVersionDate "2011.11.24"]
[SourceQuality "1"]
[WhiteTeam "Jetsmark"]
[BlackTeam "BMS"]
[WhiteTeamCountry "DEN"]
[BlackTeamCountry "DEN"]

1. c4 c6 2. g3 d5 3. Nf3 Nf6 4. Bg2 Bf5 5. cxd5 cxd5 6. Qb3 Qd7 7. Nc3 Nc6 8. d3 e6 9. 0-0 Be7 10. Bf4 0-0 11. e4 Bg4 12. exd5 Nxd5 13. Nxd5 exd5 14. Ne5 Nxe5 15. Bxe5 Be6 16. Rfc1 Rac8 17. d4 Rc6 1/2-1/2